<?xml version="1.0" encoding="UTF-8"?><?xml-stylesheet type="text/xsl" href="static/style.xsl"?><OAI-PMH xmlns="http://www.openarchives.org/OAI/2.0/" xmlns:xsi="http://www.w3.org/2001/XMLSchema-instance" xsi:schemaLocation="http://www.openarchives.org/OAI/2.0/ http://www.openarchives.org/OAI/2.0/OAI-PMH.xsd"><responseDate>2026-04-17T10:25:31Z</responseDate><request verb="GetRecord" identifier="oai:riubu.ubu.es:10259/5532" metadataPrefix="marc">https://riubu.ubu.es/oai/request</request><GetRecord><record><header><identifier>oai:riubu.ubu.es:10259/5532</identifier><datestamp>2021-11-02T12:05:29Z</datestamp><setSpec>com_10259_3593</setSpec><setSpec>com_10259_5086</setSpec><setSpec>com_10259_2604</setSpec><setSpec>col_10259_3594</setSpec></header><metadata><record xmlns="http://www.loc.gov/MARC21/slim" xmlns:doc="http://www.lyncode.com/xoai" xmlns:xsi="http://www.w3.org/2001/XMLSchema-instance" xmlns:dcterms="http://purl.org/dc/terms/" xsi:schemaLocation="http://www.loc.gov/MARC21/slim http://www.loc.gov/standards/marcxml/schema/MARC21slim.xsd">
<leader>00925njm 22002777a 4500</leader>
<datafield tag="042" ind1=" " ind2=" ">
<subfield code="a">dc</subfield>
</datafield>
<datafield tag="720" ind1=" " ind2=" ">
<subfield code="a">Feberero, Claudia</subfield>
<subfield code="e">author</subfield>
</datafield>
<datafield tag="720" ind1=" " ind2=" ">
<subfield code="a">Sedano Labrador, Carlos</subfield>
<subfield code="e">author</subfield>
</datafield>
<datafield tag="720" ind1=" " ind2=" ">
<subfield code="a">Suarez Pantiga, Samuel</subfield>
<subfield code="e">author</subfield>
</datafield>
<datafield tag="720" ind1=" " ind2=" ">
<subfield code="a">Silva López, Carlos</subfield>
<subfield code="e">author</subfield>
</datafield>
<datafield tag="720" ind1=" " ind2=" ">
<subfield code="a">Sanz Díez, Roberto</subfield>
<subfield code="e">author</subfield>
</datafield>
<datafield tag="260" ind1=" " ind2=" ">
<subfield code="c">2020-10</subfield>
</datafield>
<datafield tag="520" ind1=" " ind2=" ">
<subfield code="a">The reactions of o-lithiated O-aryl N,N-diethylcarbamates&#xd;
with different C−N multiple bond electrophiles have been&#xd;
thoroughly studied. A 1,5-O → N carbamoyl shift, a new variation&#xd;
of the anionic Fries-type rearrangement, takes place when nitriles,&#xd;
imines, or alkylcarbodiimides are employed. In these cases, the&#xd;
carbamoyl group plays a dual role as a directing group, building up&#xd;
a variety of functional groups through the 1,5-O → N carbamoyl&#xd;
migration. On the other hand, the use of iso(thio)cyanates and&#xd;
arylcarbodiimides led to non-rearranged o-functionalized Oarylcarbamates.&#xd;
This reactivity was further computationally&#xd;
explored, and the governing factor could be traced back to the&#xd;
relative basicity of the alternative products (migrated vs nonmigrated&#xd;
substrates). This exploration also provided interesting insights about the degree of complexation of the lithium cations onto&#xd;
these substrates. A new access to useful 2-hydroxybenzophenone derivatives has also been developed.</subfield>
</datafield>
<datafield tag="024" ind2=" " ind1="8">
<subfield code="a">0022-3263</subfield>
</datafield>
<datafield tag="024" ind2=" " ind1="8">
<subfield code="a">http://hdl.handle.net/10259/5532</subfield>
</datafield>
<datafield tag="024" ind2=" " ind1="8">
<subfield code="a">10.1021/acs.joc.0c01732</subfield>
</datafield>
<datafield tag="024" ind2=" " ind1="8">
<subfield code="a">1520-6904</subfield>
</datafield>
<datafield ind1=" " ind2=" " tag="653">
<subfield code="a">Aromatic compounds</subfield>
</datafield>
<datafield ind1=" " ind2=" " tag="653">
<subfield code="a">Organic compounds</subfield>
</datafield>
<datafield ind1=" " ind2=" " tag="653">
<subfield code="a">Rearrangement</subfield>
</datafield>
<datafield ind1=" " ind2=" " tag="653">
<subfield code="a">Reaction products</subfield>
</datafield>
<datafield ind1=" " ind2=" " tag="653">
<subfield code="a">Genetics</subfield>
</datafield>
<datafield tag="245" ind1="0" ind2="0">
<subfield code="a">Experimental and Computational Study of the 1,5-O → N Carbamoyl Snieckus–Fries-Type Rearrangement</subfield>
</datafield>
</record></metadata></record></GetRecord></OAI-PMH>